Percussion in the Sky (Record n. 99545)

Dettagli MARC
000 -LEADER
fixed length control field 03459njm a2200553Ia 4500
001 - CONTROL NUMBER
control field 24666
003 - CONTROL NUMBER IDENTIFIER
control field IT-RoPAU
005 - DATE AND TIME OF LATEST TRANSACTION
control field 20220918181118.0
008 - FIXED-LENGTH DATA ELEMENTS--GENERAL INFORMATION
fixed length control field 131025s9999 xx 000 0 und d
040 ## - CATALOGING SOURCE
Original cataloging agency IT-RoPAU
040 ## - CATALOGING SOURCE
Transcribing agency IT-RoPAU
999 ## - SYSTEM CONTROL NUMBERS (KOHA)
Koha Dewey Subclass [OBSOLETE] n.d.
100 ## - MAIN ENTRY--PERSONAL NAME
Personal name AA.VV.
9 (RLIN) 794
100 ## - MAIN ENTRY--PERSONAL NAME
Relator term Autore musica
9 (RLIN) 11499
100 ## - MAIN ENTRY--PERSONAL NAME
Miscellaneous information Codice autore musica SPICS: 12000
9 (RLIN) 796
245 ## - TITLE STATEMENT
Title Percussion in the Sky
250 ## - EDITION STATEMENT
Edition statement 1a ed.
260 ## - PUBLICATION, DISTRIBUTION, ETC. (IMPRINT)
Place of publication, distribution, etc. ROMA
260 ## - PUBLICATION, DISTRIBUTION, ETC. (IMPRINT)
Name of publisher, distributor, etc. RCA (RADIO CORP. AMERICA)
Date of publication, distribution, etc. 1961 [1a Ed.:1961]
300 ## - PHYSICAL DESCRIPTION
Extent DISCO
500 ## - GENERAL NOTE
General note Musica strumentale. Percussioni
505 ## - FORMATTED CONTENTS NOTE
Formatted contents note You Are My Lucky Star - The High and the Mighty - Don't Let the Stars Get in Your Eyes - I Got the Sun in the Morning - Blue Moon - Look For a Star - Moonlight Becomes You - Over the Rainbow - I'm Sitting On Top of the World - The Moon Was Yellow - Stairway To the Stars - When You Wish Upon A Star
511 ## - PARTICIPANT OR PERFORMER NOTE
Participant or performer note Werner Muller e la Sua Orchestra
650 ## - SUBJECT ADDED ENTRY--TOPICAL TERM
Topical term or geographic name as entry element STRUMENTALE [DISCHI]
Relator term Codice MATERIA SPICS: 9950
9 (RLIN) 828
700 ## - ADDED ENTRY--PERSONAL NAME
Personal name Muller Werner
Miscellaneous information Codice interprete SPICS: 9667
Relator term Interprete
9 (RLIN) 11500
700 ## - ADDED ENTRY--PERSONAL NAME
Personal name Freed Arthur
Miscellaneous information Codice autore musica SPICS: 15706
Relator term Autore musica
Name of part/section of a work You Are My Lucky Star
9 (RLIN) 11501
700 ## - ADDED ENTRY--PERSONAL NAME
Personal name Brown
Miscellaneous information Codice autore SPICS: 20445
Relator term Autore
Name of part/section of a work You Are My Lucky Star
9 (RLIN) 11502
700 ## - ADDED ENTRY--PERSONAL NAME
Personal name Tiomkin Dimitri
Miscellaneous information Codice autore musica SPICS: 11173
Relator term Autore musica
Name of part/section of a work The High and the Mighty
9 (RLIN) 11503
700 ## - ADDED ENTRY--PERSONAL NAME
Personal name Washington Grover
Miscellaneous information Codice autore SPICS: 11616
Relator term Autore
Name of part/section of a work The High and the Mighty - When You Wish Upon a Star
9 (RLIN) 11504
700 ## - ADDED ENTRY--PERSONAL NAME
Personal name Willett Chappy
Miscellaneous information Codice autore musica SPICS: 15742
Relator term Autore musica
Name of part/section of a work Don't Let the Stars Get in Your Eyes
9 (RLIN) 11505
700 ## - ADDED ENTRY--PERSONAL NAME
Personal name Berlin Irving
Miscellaneous information Codice autore musica SPICS: 14042
Relator term Autore musica
Name of part/section of a work I Got the Sun in the Morning
9 (RLIN) 11506
700 ## - ADDED ENTRY--PERSONAL NAME
Personal name Rodgers Richard
Miscellaneous information Codice autore musica SPICS: 11120
Relator term Autore musica
Name of part/section of a work Blue Moon
9 (RLIN) 11507
700 ## - ADDED ENTRY--PERSONAL NAME
Personal name Hart Lorenz
Miscellaneous information Codice autore SPICS: 10738
Relator term Autore
Name of part/section of a work Blue Moon
9 (RLIN) 11508
700 ## - ADDED ENTRY--PERSONAL NAME
Personal name Anthony Little
Miscellaneous information Codice autore musica SPICS: 13120
Relator term Autore musica
Name of part/section of a work Look For a Star
9 (RLIN) 11509
700 ## - ADDED ENTRY--PERSONAL NAME
Personal name Burke Johnny
Miscellaneous information Codice autore musica SPICS: 15743
Relator term Autore musica
Name of part/section of a work Moonlight Becomes You
9 (RLIN) 11510
700 ## - ADDED ENTRY--PERSONAL NAME
Personal name Van Heusen Jimmy
Miscellaneous information Codice autore SPICS: 15744
Relator term Autore
Name of part/section of a work Moonlight Becomes You
9 (RLIN) 11511
700 ## - ADDED ENTRY--PERSONAL NAME
Personal name Arlen Harold
Miscellaneous information Codice autore musica SPICS: 13025
Relator term Autore musica
Name of part/section of a work Over the Rainbow
9 (RLIN) 11512
700 ## - ADDED ENTRY--PERSONAL NAME
Personal name Harburg E. Y.
Miscellaneous information Codice autore SPICS: 15671
Relator term Autore
Name of part/section of a work Over the Rainbow
9 (RLIN) 11513
700 ## - ADDED ENTRY--PERSONAL NAME
Personal name Henderson
Miscellaneous information Codice autore musica SPICS: 20496
Relator term Autore musica
Name of part/section of a work I'm Sitting On Top of the World
9 (RLIN) 11514
700 ## - ADDED ENTRY--PERSONAL NAME
Personal name Young Paul
Miscellaneous information Codice autore SPICS: 10129
Relator term Autore
Name of part/section of a work I'm Sitting On Top of the World
9 (RLIN) 11515
700 ## - ADDED ENTRY--PERSONAL NAME
Personal name Lewis M.
Miscellaneous information Codice autore testo/musica SPICS: 20173
Relator term Autore testo/musica
Name of part/section of a work I'm Sitting On Top of the World
9 (RLIN) 11516
700 ## - ADDED ENTRY--PERSONAL NAME
Personal name Ahlert R.
Miscellaneous information Codice autore musica SPICS: 15745
Relator term Autore musica
Name of part/section of a work The Moon Was Yellow
9 (RLIN) 11517
700 ## - ADDED ENTRY--PERSONAL NAME
Personal name Leslie
Miscellaneous information Codice autore SPICS: 15746
Relator term Autore
Name of part/section of a work The Moon Was Yellow
9 (RLIN) 11518
700 ## - ADDED ENTRY--PERSONAL NAME
Personal name Signorelli
Miscellaneous information Codice autore musica SPICS: 15747
Relator term Autore musica
Name of part/section of a work Stairway To the Stars
9 (RLIN) 11519
700 ## - ADDED ENTRY--PERSONAL NAME
Personal name Malneck
Miscellaneous information Codice autore SPICS: 15748
Relator term Autore
Name of part/section of a work Stairway To the Stars
9 (RLIN) 11520
700 ## - ADDED ENTRY--PERSONAL NAME
Personal name Parish Mitchell
Miscellaneous information Codice autore testo/musica SPICS: 23767
Relator term Autore testo/musica
Name of part/section of a work Stairway To the Stars
9 (RLIN) 11521
700 ## - ADDED ENTRY--PERSONAL NAME
Personal name Harline
Miscellaneous information Codice autore musica SPICS: 15749
Relator term Autore musica
Name of part/section of a work When You Wish Upon A Star
9 (RLIN) 11522
942 ## - ADDED ENTRY ELEMENTS (KOHA)
Koha item type DISCHI
Source of classification or shelving scheme Dewey Decimal Classification
Dati di copia
Withdrawn status Lost status Damaged status Not for loan Home library Current library Date acquired Total Checkouts Full call number Date last seen Price effective from Koha item type Public note
    Buone Condizioni Not For Loan SPICS-MEDIATECA SPICS-MEDIATECA 25/10/2013   24666 25/10/2013 25/10/2013 DISCHI Progr. Ins.: 5361 / N.Vol.: 1 / Copie: 1 - Copia rara: n.d. / date import: 01.01.2014 - By Epidotti, Trombetti, Vaglietti
CREDITS: SOCIETA' SAN PAOLO Via A.Severo, 58 - ROMA (RM) & PERIODICI SAN PAOLO SRL Via Giotto, 36 MILANO & CISF Via Giotto, 36 MILANO & EDIZIONI SAN PAOLO SRL,  Piazza Soncino, 5 CINISELLO BALSAMO (MI) -- ITALY